000 01128nam a2200325 i 4500
003 EG-GICUC
005 20260416105703.0
008 260331s1976 ua ||||fr|||| 000 0 ara d
017 _a1976 / 2002
_d1976
020 _a977-296-00-5
040 _a EG-GICUC
_bara
_c EG-GICUC
_d EG-GICUC
_erda
041 _aara
082 0 4 _221
_a341.71
_bم ح . ص
092 0 4 _221
099 _aLaw1 11 341.71 م ح . ص 1976
100 0 _aمحمود دياب
_eمؤلف.
245 1 2 _aالصهيونية العالمية والرد علي الفكر الصهيوني المعاصر /
_cدكتور محمود دياب.
264 1 _aمصر :
_bمطبوعات الشعب،
_c1976.
264 4 _c1976.
300 _a365 صفحة ؛
_c24 سم
336 _2rda content
_atext
337 _2rda media
_aComputer
338 _2rda carrier
_aOnline Resource
504 _a. 355-356 ببليوجرافيا: صفحات.
546 _aالنص باللغة العربية
650 1 4 _aالمناطق غير المستقلة
856 4 0 _uhttps://fll.law.cu.edu.eg/fulltext/bks/B11-04022.pdf
905 _a67
942 _2ddc
_cBK
_e21
_n0
999 _c67747
_d67747